01321nam a2200241Ia 4500008004100000040001800041041000800059100002300067245006300090246005200153260006800205300004400273500025800317505027200575506002200847546002200869650003400891650005300925650001700978651002500995651003201020700002701052130821s1548 sz a gr dlat  aCo-BoUCMbspa0 alat0 aPlutarcod46?-120?10aPlutarchi Cheronei Graecorum Romanorumque illustrium vitae13a[Vidas de los griegos y romanos más ilustres] aBasilea (Suiza)bapud Mich. Isingrinium [Miguel Isingren]c1548 a[23], 392, [1] páginasbilustraciones aDetalles físicos: Encuadernación rígida de gran calidad con madera forrada en piel, lomo descubierto. Tapas decorada con repujados, formando dos recuadros, no conserva sus broches metálicos de cierre. Portada sencilla impresa en un solo color, c0 aVidas Paralelas de Plutarco: Teseo. Rómulo. Licurgo. Numa Pompilio. Solón. Alcibíades. M. Coriolano. Temístocles. Pericles. Fabio Máximo. Pelópidas. Macelo. Aníbal. Escipión. Filopómenes. Aristides. Marco Catón, el Censor. Paulo Emilio. Timoleón aConsulta en sala. aTexto en latín. aAutores latinosvBiografías aBiografías clásicasxObras anteriores a 1700 aBiografías aGreciavBiografías aRoma (Italia)vBiografías1 aIsingren, Migueleimp.